banner-ar

الخلافة المغتصبة : (Record no. 6437)

MARC details
000 -الفاتح
حقل البيانات ثابتة الطول 00754nam a2200217Ia 4500
008 - عناصر البيانات ثابتة الطول - معلومات عامة
حقل البيانات ثابتة الطول 140319s9999 xx 000 0 ara d
040 ## - مصدر الفهرسة
وكالة الفهرسة الأصلية GCL /
وكالة النسخ GCL
082 04 - رقم تصنيف ديوى العشرى
رقم التصنيف 953.022
رقم المادة أ خ
100 1# - المدخل الرئيسى - إسم شخصى
الإسم الشخصى ادريس الحسينى
245 10 - بيان العنوان
العنوان الخلافة المغتصبة :
بقية العنوان ازمة تاريخ أم ازمة مؤرخ /
بيان المسئوليه,etc ادريس الحسينى
250 ## - بيان الطبعة
بيان الطبعة الثانية
260 ## - PUBLICATION, DISTRIBUTION, ETC. (IMPRINT)
تاريخ النشر أو التوزيع 1996
300 ## - الوصف المادى
التعداد 256 ص ؛
أبعاد الوعاء 24 سم
650 04 - المدخل الاضافى بالموضوع-مصطلح موضوعى
مصطلح موضوعي الخلافة
650 04 - المدخل الاضافى بالموضوع-مصطلح موضوعى
مصطلح موضوعي الامامة
650 04 - المدخل الاضافى بالموضوع-مصطلح موضوعى
مصطلح موضوعي الفقه الاسلامى - علم
650 04 - المدخل الاضافى بالموضوع-مصطلح موضوعى
مصطلح موضوعي الخلفاء الراشدون
650 04 - المدخل الاضافى بالموضوع-مصطلح موضوعى
مصطلح موضوعي الاسلام، نظام الحكم فى
942 ## - عناصر المدخل الإضافي( كوها)
مصدر التصنيف او مخطط الترفيف Dewey Decimal Classification
Koha [default] item type كتاب
260 ## - PUBLICATION, DISTRIBUTION, ETC. (IMPRINT)
-- القاهرة :
-- دار الخليج للطباعة والنشر ،
Holdings
حالة التراجع حالة الفقد حالة تلف ليس للاعارة المكان المؤقت الموقع الحالى تاريخ الاكتساب اجمالي اﻻعارات رقم الطلب الباركود تاريخ اخر مشاهدة تاريخ تفعيل السعر نوع وعاء كوها
        مكتبة القاهرة الكبرى مكتبة القاهرة الكبرى 03/26/2014   953.022 \ أ خ 13573 03/26/2014 03/26/2014 كتاب
        مكتبة القاهرة الكبرى مكتبة القاهرة الكبرى 03/26/2014   953.022 \ أ خ 13574 03/26/2014 03/26/2014 كتاب

Powered By

EGPV